000 00270nam a2200097Ia 4500
001 1103231
005 20250827003336.0
008 250824s9999 xx 000 0 und d
245 0 _aHİÇBİR KARŞILAŞMA TESADÜF DEĞİLDİR
_cHAKAN MENGÜÇ
260 _bDESTEK YAYINLARI
999 _c1103231
_d1103231